Statistics for Cooking Fever Names

Click here to take the quiz!

General Stats

  • This quiz has been taken 9 times
  • The average score is 2 of 5

Answer Stats

DescriptionName% Correct
Man Brown Hair Moustache WhiteMicheal
56%
Woman Grey Hair Red Glasses WhiteSharon
44%
Woman Light Brown Hair WhiteKaren
33%
Man Bobbly Brown Hair BlackAshton
22%
Woman Blond Hair Blue Eyes WhiteJodie
22%

Score Distribution

Percentile by Number Answered

Percent of People with Each Score

Your Score History

You have not taken this quiz